The exchange equalisation account /

Bibliographic Details
Main Author: Hall, Noel Frederick, Sir, 1902-
Format: Book
Language:English
Published: London : Macmillan, 1935.
Subjects:

MARC

Tag First Indicator Second Indicator Subfields
LEADER 00000cam a2200000 4500
001 in00000065552
005 20151007083445.0
008 740321s1935 enk 00000 eng u
010 |a  35013259  
035 |a (OCoLC)00837779 
035 |9 AAF9393AM 
040 |c MDY  |d TXA  |d UtOrBLW 
049 |a TXAM  |c [72227] 
050 0 |a HG939  |b .H25 
082 0 |a 332.40942 
092 |a 332.40942  |b H178e 
100 1 |a Hall, Noel Frederick,  |c Sir,  |d 1902- 
245 1 4 |a The exchange equalisation account /  |c by N. F. Hall. 
264 1 |a London :  |b Macmillan,  |c 1935. 
300 |a ix, 115 pages :  |b diagrams, charts, tables. ;  |c 23 cm. 
336 |a text  |b txt  |2 rdacontent 
337 |a unmediated  |b n  |2 rdamedia 
338 |a volume  |b nc  |2 rdacarrier 
500 |a "The Account...is a small government department, supplied with a predeterined amount of Treasury bills, which it can sell to acquire sterling. This sterling is then sold to holders of foreign currencies."--page 24. 
650 0 |a Money  |z Great Britain. 
650 0 |a Foreign exchange. 
650 0 |a Finance  |z Great Britain. 
999 |a MARS 
999 f f |s 4e4fb0e6-1964-3099-9bf4-9a82643a00f5  |i 6c48de31-c971-3a0b-83f5-63688ed9a53f  |t 0 
952 f f |p ric  |a Texas A&M University  |b Rellis Campus  |c Joint Library Facility  |d Remote Storage  |t 0  |e HG939 .H25  |h Library of Congress classification  |i unmediated -- volume  |m A14800733113 
998 f f |a HG939 .H25  |t 0  |l Remote Storage